000 00640cam a2200193 a 4500
001 000012359
005 20200929163019.0
008 720106s1969 nyua 101 0 eng
040 _aDO-SdBNP
_beng
_cLC
_dBNPHU
082 _a370.19348
_bT644s
100 1 _aToffler, Alvin.
_929035
245 1 4 _aThe schoolhouse in the city, /
_cEdición e introducción Alvin Toffler.
260 _a[New York] :
_bVoice of America Forum Lectures,
_c[1969].
300 _aviii, 293 p. :
_bil. ;
_c21 cm.
650 4 _aEducación urbana
_vCONGRESOS
_929036
700 1 _aToffler, Alvin,
_eed.
_929035
910 _aCatalogación por copia / LC
049 _aBNGR
999 _c12016
_d12016